000 00613cam a2200205 4500
001 ABS61640
008 000000n1999 000 0 eng u
035 _a(Sirsi) u103278
100 _aWood, D.
245 _aCost update
260 _c1999
490 _aBuilding
_v 264(8115) 3 December 1999, 68-70(3)
520 _aPresents the quarterly analysis of building costs, labour costs, material prices and work item rates.
590 _aABS
650 _aBUILT ENVIRONMENT-BUILDING COSTS
650 _aLABOUR COSTS
650 _aMATERIAL PRICES
690 _aBUILT ENVIRONMENT-BUILDING COSTS
942 _n0
999 _c62062
_d62062